<?xml version="1.0" encoding="UTF-8"?>
<marc:record xmlns:marc="http://www.loc.gov/MARC21/slim">
   <marc:leader>00000nam a2200000 a 4500</marc:leader>
   <marc:datafield ind1="1" ind2=" " tag="100">
      <marc:subfield code="a">Sahm, Barbara</marc:subfield>
      <marc:subfield code="4">aut</marc:subfield>
      <marc:subfield code="e">Verfasser/-in</marc:subfield>
   </marc:datafield>
   <marc:datafield ind1=" " ind2=" " tag="653">
      <marc:subfield code="a">Geistige Behinderung</marc:subfield>
   </marc:datafield>
   <marc:datafield ind1=" " ind2=" " tag="653">
      <marc:subfield code="a">Tanztherapie</marc:subfield>
   </marc:datafield>
   <marc:datafield ind1=" " ind2=" " tag="653">
      <marc:subfield code="a">Musiktherapie</marc:subfield>
   </marc:datafield>
   <marc:datafield ind1=" " ind2=" " tag="653">
      <marc:subfield code="a">Therapeutisches Theater</marc:subfield>
   </marc:datafield>
   <marc:datafield ind1="0" ind2="0" tag="245">
      <marc:subfield code="a">Tanzen, Musizieren, Theater spielen</marc:subfield>
   </marc:datafield>
   <marc:datafield ind1="0" ind2="0" tag="245">
      <marc:subfield code="b">Spielideen für Menschen mit geistiger Beeinträchtigung</marc:subfield>
   </marc:datafield>
   <marc:datafield ind1="0" ind2="0" tag="245">
      <marc:subfield code="c">Barbara Sahm</marc:subfield>
   </marc:datafield>
   <marc:datafield ind1=" " ind2="1" tag="264">
      <marc:subfield code="a">Weinheim</marc:subfield>
      <marc:subfield code="b">Juventa-Verl.</marc:subfield>
      <marc:subfield code="c">2011</marc:subfield>
   </marc:datafield>
   <marc:datafield ind1="1" ind2=" " tag="490">
      <marc:subfield code="a">Edition sozial</marc:subfield>
   </marc:datafield>
   <marc:datafield ind1="1" ind2=" " tag="520">
      <marc:subfield code="a">Angaben aus der Verlagsmeldung

Tanzen, Musizieren, Theater spielen : Spielideen für Menschen mit geistiger Beeinträchtigung / von Barbara Sahm

Die persönliche Entwicklung jedes Menschen wird durch den Kontakt mit Kultur geprägt. Sowohl das Konsumieren künstlerischer Produkte, als auch eigene Betätigungen mit künstlerischen Themen beeinflussen unsere innere Befindlichkeit. Eigene kulturelle Aktivitäten bescheren uns Lebensfreude, Selbstentfaltung und soziale Integration
Dieses Praxis-Buch bietet die Möglichkeit, in die inspirierende Welt von Tanz, Musik und Theater einzutauchen. Die Autorin arbeitet seit über 20 Jahren mit Menschen mit Beeinträchtigung. Die hierfür entwickelten Spielideen helfen den TeilnehmerInnen, mehr Selbstvertrauen zu gewinnen, ihre Sinne zu schärfen, mehr Mut zu entwickeln und ihre Ausdrucksmöglichkeiten zu erweitern.
Alle Anleitungen sind leicht umsetzbar und erfordern vom Spielleiter/der Spielleiterin keine künstlerischen Vorkenntnisse. Sie können somit in Tagesförderstätten, Wohnheimen und Werkstätten schnell und einfach eingesetzt werden.
</marc:subfield>
   </marc:datafield>
   <marc:datafield ind1=" " ind2=" " tag="020">
      <marc:subfield code="a">9783779920793</marc:subfield>
      <marc:subfield code="9">9783779920793</marc:subfield>
   </marc:datafield>
   <marc:datafield ind1=" " ind2=" " tag="041">
      <marc:subfield code="a">ger</marc:subfield>
   </marc:datafield>
   <marc:datafield ind1=" " ind2=" " tag="300">
      <marc:subfield code="a">112 S.</marc:subfield>
   </marc:datafield>
</marc:record>
